| 000 | 007840000a22002290004500 | ||
|---|---|---|---|
| 003 | LK-CoMWRAF | ||
| 005 | 20231030122051.0 | ||
| 008 | 230817t1995 ||||| |||| 00| 0 eng d | ||
| 020 | _a955998209 | ||
| 040 |
_aLK-CoMWRAF _dLK-CoMWRAF _eLK-CoMWRAF |
||
| 041 | _aeng | ||
| 082 |
_a320.954 _bWIC |
||
| 100 | _aWickremeratne, Ananda | ||
| 245 |
_aThe Roots of Nationalism: _bSri Lanka |
||
| 260 |
_aColombo: _b Karunaratne & Sons Ltd., _c[1995] |
||
| 300 |
_axvii, 313 pages : map ; 24 cm. _bBibliography and index included |
||
| 650 | _aNATIONALISM-Sri Lanka-History | ||
| 650 | _aNationalism and education -- Sri Lanka -- History | ||
| 650 | _aNationalism -- Religious aspects -- Buddhism -- History | ||
| 650 | _aEducation -Great Britain - Colonies -- History | ||
| 942 | _cBK | ||
| 999 |
_c2504 _d2504 |
||